Odborné texty z jazyka nemeckého pre poslucháčov psychológie

Bibliographic Details
Main Author: Serdulová, Magda (Author)
Format: Book
Language:Slovak
German
PhysicalDescription:138 s. grafy, tab. 4°
Published: Bratislava Univerzita Komenského 1970
Edition:3. nezm. vyd.
Series:Vysokoškolské učebné texty
Subjects:

MARC

LEADER 00000cam a2200000 a 4500
001 vtls008345199
003 SK-MaSNL
005 20260301020545.0
008 230403s1970 xo a e np 000 0 slo
015 |a SNBA1970/10-02238 
035 |a SK01SNK19700037416 
035 |a urn:nbn:sk:snk-amky7r 
035 |a urn:nbn:sk:snk-am008qby 
035 |a 23AC71CA-94EA-4B57-81E0-C9406A0AD9D7 
035 |a SKM000039879 
040 |a SNK  |b slo  |c SNK  |e AACR2 
041 0 |a slo  |a ger 
044 |a xo  |c SK 
080 |a 803.0:159.9(075.8)  |2 1981 
080 |a 159.9:803.0(075.8)  |2 1981 
100 1 |a Serdulová, Magda  |4 aut  |9 11034 
245 1 0 |a Odborné texty z jazyka nemeckého pre poslucháčov psychológie  |c Magda Serdulová 
250 |a 3. nezm. vyd. 
260 |a Bratislava  |b Univerzita Komenského  |c 1970 
300 |a 138 s.  |b grafy, tab.  |c 4° 
366 |e 100 výt. 
490 1 |a Vysokoškolské učebné texty 
500 |a Učeb. text pre internú potrebu štud. Filozof. fak. UK 
504 |a Bibliogr. odkazy ; pozn. ; nem.-slov. slovník 
650 0 7 |a nemčina  |2 SNKPH  |9 1384 
650 0 7 |a psychológia  |2 SNKPH  |9 807 
650 0 7 |a odborné texty  |2 SNKPH  |9 63855 
655 7 |a učebnice vysokých škôl  |2 SNKPH  |9 70191 
830 0 |a Vysokoškolské učebné texty  |9 276539 
852 |a Slovenská národná knižnica 
954 |a odborná, vedecká literatúra pôvodná (slovenská)  |2 lita 
958 |a OND 
958 |a NB 
958 |a DE 
958 |a EUIPO 
999 |c 563264  |d 565194 
952 |a SNK  |b SNK  |y PREZ  |7 0  |p 17A0808683  |o snkSB 16375  |i snkKSP 7289/70  |0 0  |1 0  |4 0  |d 2014-12-15  |f 1  |l 0  |r 2025-03-19 00:00:00  |w 2026-02-23 
952 |a SNK  |b SNK  |y VYP  |7 0  |o snkSB 16375 D1  |i snkKSP 7290/70  |0 0  |1 0  |4 0  |d 2014-12-15  |l 0  |r 2026-02-23 13:49:15  |w 2026-02-23 
952 |a SNK  |b SNK  |y VYP  |7 0  |o snkSB 16375 D2  |i snkD 2917/76  |8 1  |0 0  |1 0  |4 0  |d 2014-12-15  |l 0  |r 2026-02-23 13:49:15  |w 2026-02-23